|
|
|
|
| LEADER |
00000nam0a2200000 4500 |
| 001 |
253057 |
| 005 |
20231101232816.0 |
| 035 |
|
|
|a (RuTPU)RU\TPU\book\275438
|
| 090 |
|
|
|a 253057
|
| 100 |
|
|
|a 20140311d1969 k y0rusy50 ca
|
| 101 |
1 |
|
|a rus
|c eng
|
| 102 |
|
|
|a RU
|
| 105 |
|
|
|a a z 001zy
|
| 200 |
1 |
|
|a Статистический анализ последовательностей событий
|e пер. с англ.
|f Д. Кокс, П. Льюис
|g под ред. Н. П. Бусленко
|
| 210 |
|
|
|a Москва
|c Мир
|d 1969
|
| 215 |
|
|
|a 312 с.
|c ил.
|
| 320 |
|
|
|a Библиогр.: с. 301-310.
|
| 606 |
1 |
|
|a Вероятностей теория
|2 stltpush
|3 (RuTPU)RU\TPU\subj\2254
|9 30841
|
| 606 |
1 |
|
|a Математическая статистика
|2 stltpush
|3 (RuTPU)RU\TPU\subj\41210
|9 61018
|
| 610 |
1 |
|
|a пуассоновский процесс
|
| 610 |
1 |
|
|a тренд
|
| 610 |
1 |
|
|a стационарные процессы
|
| 610 |
1 |
|
|a оценка
|
| 610 |
1 |
|
|a процессы восстановления
|
| 610 |
1 |
|
|a обобщения
|
| 675 |
|
|
|a 519.21
|v 3
|
| 675 |
|
|
|a 519.22
|v 3
|
| 700 |
|
1 |
|a Кокс
|b Д.
|
| 701 |
|
1 |
|a Льюис
|b П.
|
| 702 |
|
1 |
|a Бусленко
|b Н. П.
|4 340
|
| 801 |
|
1 |
|a RU
|b 63413507
|c 20140311
|
| 801 |
|
2 |
|a RU
|b 63413507
|c 20140311
|g RCR
|
| 942 |
|
|
|c BK
|